00593nam a22001937a 450000500170000000800410001702000180005804000210007604100080009708200170010510000320012224500970015425000120025126000330026330000100029665000370030670000290034370000270037220250901120725.0240902b |||||||| |||| 00| 0 eng d a9789358491975 aIN-DiNCcIN-DiNC dasm a301.092bBHU aBhuyan, Dilip Kumareauthor aSamajtattwik chintabid-I (Major4)/cby Dilip Kumar Bhuyan, Prasanta Phukan and Santana Dutta a1st ed. aDibrugarh:bBanalata,c2024. a224p. aSociological thinkers-I (Major4) aPhukan, Prasantaeauthor aDutta, Santanaeauthor